000 00575nam a22002297a 4500
003 UA-OsUOA
001 64150
007 ta
008 20091102b un ||||| |||| 00| 0 ukr d
100 _aКозько Н.
090 _a821.161.1
_bК59
942 _cBK
040 _aUA-OsUOA
_brus
_cUA-OsUOA
_dUA-OsUOA
245 _aЗагадка Эрниты
300 _a186 с.
955 _a3
041 _arus
080 _a821.161.1
260 _aКемерово
_c1979
650 7 _a82 Література. Літературознавство
_2UDC
999 _c350160
_d350160